[Event "Blitz 2018"]
[Site "Saint-Petersburg"]
[Date "2018.12.29"]
[Round "10"]
[Board "13"]
[White "Karjakin Sergey (RUS)"]
[Black "Maghsoodloo Parham (IRI)"]
[Result "1-0"]
[LiveChessVersion "1.4.8"]
[BlackElo "2642"]
[WhiteElo "2759"]

1. e4 {[%clk 0:03:03]} Nc6 {[%clk 0:03:03]} 2. d4 {[%clk 0:03:03]} d5
{[%clk 0:03:04]} 3. e5 {[%clk 0:03:01]} Bf5 {[%clk 0:03:04]} 4. Nf3
{[%clk 0:02:50]} e6 {[%clk 0:03:02]} 5. c3 {[%clk 0:02:49]} Nge7 {[%clk 0:02:56]}
6. Nh4 {[%clk 0:02:46]} Bg6 {[%clk 0:02:55]} 7. Nd2 {[%clk 0:02:44]} f6
{[%clk 0:02:47]} 8. exf6 {[%clk 0:02:36]} gxf6 {[%clk 0:02:47]} 9. Nxg6
{[%clk 0:02:36]} Nxg6 {[%clk 0:02:19]} 10. Qb3 {[%clk 0:02:36]} a6
{[%clk 0:02:11]} 11. g3 {[%clk 0:02:15]} h5 {[%clk 0:02:02]} 12. Nf3
{[%clk 0:02:07]} Bd6 {[%clk 0:01:29]} 13. Bd3 {[%clk 0:01:54]} Nge7
{[%clk 0:01:24]} 14. Nh4 {[%clk 0:01:46]} Kd7 {[%clk 0:00:55]} 15. O-O
{[%clk 0:01:21]} Qg8 {[%clk 0:00:45]} 16. Re1 {[%clk 0:01:17]} Na5
{[%clk 0:00:37]} 17. Qa4+ {[%clk 0:01:09]} Nac6 {[%clk 0:00:38]} 18. b4
{[%clk 0:00:46]} e5 {[%clk 0:00:30]} 19. dxe5 {[%clk 0:00:40]} fxe5
{[%clk 0:00:31]} 20. b5 {[%clk 0:00:39]} axb5 {[%clk 0:00:32]} 21. Qxb5 e4
{[%clk 0:00:15]} 22. Bf1 {[%clk 0:00:41]} Qe6 {[%clk 0:00:13]} 23. c4
{[%clk 0:00:28]} Ra5 {[%clk 0:00:14]} 24. cxd5 {[%clk 0:00:27]} Nxd5
{[%clk 0:00:14]} 25. Qc4 {[%clk 0:00:23]} Re8 {[%clk 0:00:10]} 26. Rxe4
{[%clk 0:00:12]} Nb6 27. Qxe6+ {[%clk 0:00:11]} Rxe6 {[%clk 0:00:04]} 28. Bh3
{[%clk 0:00:12]} Rae5 {[%clk 0:00:04]} 29. Rxe5 {[%clk 0:00:11]} Bxe5
{[%clk 0:00:04]} 30. Rb1 {[%clk 0:00:12]} Kd6 {[%clk 0:00:06]} 31. Ba3+
{[%clk 0:00:12]} Kd5 {[%clk 0:00:06]} 32. Rb5+ {[%clk 0:00:10]} Kc4
{[%clk 0:00:05]} 33. Rc5+ {[%clk 0:00:11]} Kd4 {[%clk 0:00:05]} 34. Bxe6
{[%clk 0:00:11]} 1-0

[Event "Blitz 2018"]
[Site "Saint-Petersburg"]
[Date "2018.12.29"]
[Round "10"]
[Board "15"]
[White "Kovalev Vladislav (BLR)"]
[Black "Kovalenko Igor (LAT)"]
[Result "1-0"]
[LiveChessVersion "1.4.8"]
[BlackElo "2693"]
[WhiteElo "2553"]

1. e4 {[%clk 0:03:03]} d5 {[%clk 0:03:04]} 2. exd5 {[%clk 0:03:03]} Qxd5
{[%clk 0:03:05]} 3. Nc3 {[%clk 0:03:05]} Qa5 {[%clk 0:03:06]} 4. d4
{[%clk 0:03:06]} Nf6 {[%clk 0:03:07]} 5. Nf3 {[%clk 0:03:08]} Bf5
{[%clk 0:03:08]} 6. Bc4 {[%clk 0:02:58]} e6 {[%clk 0:03:09]} 7. Bd2
{[%clk 0:02:55]} Bb4 {[%clk 0:03:11]} 8. a3 {[%clk 0:02:49]} Bxc3
{[%clk 0:03:12]} 9. Bxc3 {[%clk 0:02:50]} Qb6 {[%clk 0:03:13]} 10. O-O
{[%clk 0:02:46]} Nbd7 {[%clk 0:03:14]} 11. d5 {[%clk 0:02:22]} O-O-O
{[%clk 0:03:09]} 12. Bd4 {[%clk 0:01:48]} c5 {[%clk 0:01:49]} 13. dxc6
{[%clk 0:00:35]} Qxc6 {[%clk 0:01:50]} 14. Qe2 {[%clk 0:00:36]} Bg4
{[%clk 0:01:51]} 15. Bxa7 {[%clk 0:00:25]} Bxf3 {[%clk 0:01:23]} 16. gxf3
{[%clk 0:00:26]} Nh5 {[%clk 0:01:03]} 17. Bb5 {[%clk 0:00:14]} Nf4
{[%clk 0:01:01]} 18. Qe4 {[%clk 0:00:05]} Qxb5 {[%clk 0:00:28]} 19. Qxf4
{[%clk 0:00:06]} b6 20. Rfd1 {[%clk 0:00:04]} Kb7 21. a4 Qf5 {[%clk 0:00:00]} 22.
Qd6 {[%clk 0:00:04]} 1-0

[Event "Blitz 2018"]
[Site "Saint-Petersburg"]
[Date "2018.12.29"]
[Round "10"]
[Board "16"]
[White "Zhigalko Sergei (BLR)"]
[Black "Golubov Saveliy (RUS)"]
[Result "1-0"]
[LiveChessVersion "1.4.8"]
[BlackElo "2574"]
[WhiteElo "2693"]

1. e4 {[%clk 0:03:03]} c5 {[%clk 0:03:03]} 2. Nf3 {[%clk 0:03:04]} e6
{[%clk 0:03:05]} 3. c3 {[%clk 0:03:05]} d5 {[%clk 0:03:06]} 4. e5
{[%clk 0:03:05]} Nc6 {[%clk 0:02:55]} 5. d4 {[%clk 0:03:06]} Qb6 {[%clk 0:02:56]}
6. a3 {[%clk 0:03:07]} Nh6 {[%clk 0:02:57]} 7. b4 {[%clk 0:03:08]} cxd4
{[%clk 0:02:58]} 8. cxd4 {[%clk 0:03:10]} Nf5 {[%clk 0:02:59]} 9. Be3
{[%clk 0:03:11]} Nxe3 {[%clk 0:02:13]} 10. fxe3 {[%clk 0:03:11]} Ne7
{[%clk 0:02:13]} 11. Bd3 {[%clk 0:03:07]} Nf5 {[%clk 0:02:14]} 12. Qe2
{[%clk 0:03:02]} Be7 {[%clk 0:02:03]} 13. O-O {[%clk 0:02:43]} O-O
{[%clk 0:01:59]} 14. Nc3 {[%clk 0:02:44]} Qd8 {[%clk 0:01:50]} 15. Kh1
{[%clk 0:02:37]} g6 {[%clk 0:01:50]} 16. Rf2 {[%clk 0:01:57]} Bd7
{[%clk 0:01:51]} 17. Bxf5 {[%clk 0:01:39]} gxf5 {[%clk 0:01:52]} 18. g4
{[%clk 0:01:39]} fxg4 {[%clk 0:01:42]} 19. Rg1 {[%clk 0:01:40]} h5
{[%clk 0:01:26]} 20. h3 {[%clk 0:01:32]} f5 {[%clk 0:01:24]} 21. exf6
{[%clk 0:01:29]} Bxf6 {[%clk 0:01:25]} 22. hxg4 {[%clk 0:01:29]} h4
{[%clk 0:00:43]} 23. g5 {[%clk 0:01:30]} Bg7 {[%clk 0:00:34]} 24. Nxh4
{[%clk 0:01:23]} Rxf2 {[%clk 0:00:35]} 25. Qxf2 {[%clk 0:01:24]} Qf8
{[%clk 0:00:36]} 26. Qg3 {[%clk 0:01:14]} Qf7 {[%clk 0:00:23]} 27. Ne2
{[%clk 0:01:12]} e5 {[%clk 0:00:21]} 28. dxe5 {[%clk 0:01:09]} Re8
{[%clk 0:00:22]} 29. Nf3 {[%clk 0:00:44]} Qf5 {[%clk 0:00:11]} 30. Ned4
{[%clk 0:00:17]} Qe4 {[%clk 0:00:13]} 31. Qf4 {[%clk 0:00:14]} Rf8
{[%clk 0:00:08]} 32. Qxe4 {[%clk 0:00:11]} dxe4 {[%clk 0:00:09]} 33. Nh4
{[%clk 0:00:07]} Bxe5 {[%clk 0:00:07]} 34. Ng6 {[%clk 0:00:06]} Bxd4
{[%clk 0:00:04]} 35. Nxf8 {[%clk 0:00:07]} 1-0

[Event "Blitz 2018"]
[Site "Saint-Petersburg"]
[Date "2018.12.29"]
[Round "10"]
[Board "17"]
[White "Nozdrachev Vladislav (RUS)"]
[Black "Korobov Anton (UKR)"]
[Result "1/2-1/2"]
[LiveChessVersion "1.4.8"]
[BlackElo "2677"]
[WhiteElo "2521"]

1. e4 {[%clk 0:03:03]} c5 {[%clk 0:03:03]} 2. Nf3 {[%clk 0:03:04]} Nc6
{[%clk 0:03:04]} 3. d4 {[%clk 0:03:03]} cxd4 {[%clk 0:03:05]} 4. Nxd4
{[%clk 0:03:04]} Qb6 {[%clk 0:03:06]} 5. Nb3 {[%clk 0:02:39]} Nf6
{[%clk 0:03:07]} 6. Nc3 {[%clk 0:02:40]} e6 {[%clk 0:03:08]} 7. a3
{[%clk 0:02:41]} Qc7 {[%clk 0:03:01]} 8. Bd3 {[%clk 0:02:39]} a6 {[%clk 0:03:00]}
9. O-O {[%clk 0:02:38]} d6 {[%clk 0:02:57]} 10. f4 {[%clk 0:02:31]} b5
{[%clk 0:02:58]} 11. Be3 {[%clk 0:02:31]} Be7 {[%clk 0:02:58]} 12. Qf3
{[%clk 0:02:29]} O-O {[%clk 0:02:57]} 13. Qh3 {[%clk 0:02:28]} Bb7
{[%clk 0:02:49]} 14. Rae1 {[%clk 0:02:13]} b4 {[%clk 0:02:38]} 15. axb4
{[%clk 0:02:00]} Nxb4 {[%clk 0:02:39]} 16. e5 {[%clk 0:02:00]} dxe5
{[%clk 0:02:36]} 17. fxe5 {[%clk 0:02:01]} Nxd3 {[%clk 0:02:15]} 18. exf6
{[%clk 0:01:58]} Nxe1 {[%clk 0:02:16]} 19. fxe7 {[%clk 0:01:54]} Bxg2
{[%clk 0:02:08]} 20. exf8=Q+ {[%clk 0:01:52]} Rxf8 {[%clk 0:02:08]} 21. Qh4
{[%clk 0:01:00]} Bxf1 {[%clk 0:01:56]} 22. Qxe1 {[%clk 0:01:00]} Bh3
{[%clk 0:01:55]} 23. Qg3 {[%clk 0:00:56]} Qxg3+ {[%clk 0:01:51]} 24. hxg3
{[%clk 0:00:57]} Rb8 {[%clk 0:01:41]} 25. Na4 {[%clk 0:00:46]} Bf5
{[%clk 0:01:17]} 26. Nd4 {[%clk 0:00:47]} Rb4 {[%clk 0:01:10]} 27. b3
{[%clk 0:00:45]} Bxc2 {[%clk 0:01:10]} 28. Nxc2 {[%clk 0:00:44]} Rxb3
{[%clk 0:01:11]} 29. Kf2 {[%clk 0:00:38]} h5 {[%clk 0:01:06]} 30. Ke2
{[%clk 0:00:39]} a5 {[%clk 0:00:55]} 31. Kf2 {[%clk 0:00:30]} e5 {[%clk 0:00:49]}
32. Bd2 {[%clk 0:00:31]} Rb5 {[%clk 0:00:49]} 33. Ne3 {[%clk 0:00:28]} f6
{[%clk 0:00:39]} 34. Nc4 {[%clk 0:00:27]} Kh7 {[%clk 0:00:35]} 35. Nxa5
{[%clk 0:00:26]} g5 {[%clk 0:00:35]} 36. Nc4 {[%clk 0:00:26]} Kg6
{[%clk 0:00:35]} 37. Nc3 {[%clk 0:00:26]} Rc5 {[%clk 0:00:32]} 38. Nb2
{[%clk 0:00:21]} Rc8 {[%clk 0:00:25]} 39. Nd3 {[%clk 0:00:21]} Kf5
{[%clk 0:00:22]} 40. Ke2 {[%clk 0:00:17]} Rd8 {[%clk 0:00:17]} 41. Nd1
{[%clk 0:00:17]} Kg6 {[%clk 0:00:10]} 42. Ne3 {[%clk 0:00:18]} Rd7
{[%clk 0:00:09]} 43. Nc4 {[%clk 0:00:18]} Rd8 {[%clk 0:00:10]} 44. Ne3
{[%clk 0:00:19]} Rd7 {[%clk 0:00:11]} 45. Nc4 1/2-1/2

[Event "Blitz 2018"]
[Site "Saint-Petersburg"]
[Date "2018.12.29"]
[Round "10"]
[Board "18"]
[White "Amin Bassem (EGY)"]
[Black "Oganian Miran (RUS)"]
[Result "1-0"]
[LiveChessVersion "1.4.8"]
[BlackElo "2326"]
[WhiteElo "2659"]

1. Nf3 {[%clk 0:03:02]} Nf6 {[%clk 0:03:03]} 2. g3 {[%clk 0:03:03]} e6
{[%clk 0:03:03]} 3. Bg2 {[%clk 0:03:04]} b5 {[%clk 0:03:04]} 4. O-O
{[%clk 0:03:02]} c5 {[%clk 0:03:05]} 5. a4 {[%clk 0:02:57]} b4 {[%clk 0:02:58]}
6. d3 {[%clk 0:02:57]} Bb7 {[%clk 0:02:54]} 7. e4 {[%clk 0:02:58]} d5
{[%clk 0:02:44]} 8. e5 {[%clk 0:02:53]} Nfd7 {[%clk 0:02:45]} 9. Re1
{[%clk 0:02:54]} Nc6 {[%clk 0:02:44]} 10. h4 {[%clk 0:02:53]} Be7
{[%clk 0:02:42]} 11. Qe2 {[%clk 0:02:36]} Qc7 {[%clk 0:02:38]} 12. Bf4
{[%clk 0:02:36]} O-O {[%clk 0:02:04]} 13. Nbd2 {[%clk 0:02:36]} Rfc8
{[%clk 0:01:59]} 14. Rac1 {[%clk 0:02:34]} Qa5 {[%clk 0:01:48]} 15. b3
{[%clk 0:02:21]} Nd4 {[%clk 0:01:45]} 16. Nxd4 {[%clk 0:02:22]} cxd4
{[%clk 0:01:46]} 17. Qg4 {[%clk 0:02:23]} Bf8 {[%clk 0:01:41]} 18. Nf3
{[%clk 0:02:23]} Qb6 {[%clk 0:01:26]} 19. h5 {[%clk 0:02:22]} Rc7
{[%clk 0:01:17]} 20. h6 {[%clk 0:02:07]} g6 {[%clk 0:01:18]} 21. Bg5
{[%clk 0:02:08]} Rac8 {[%clk 0:01:14]} 22. Re2 {[%clk 0:02:01]} Ba6
{[%clk 0:01:15]} 23. Ne1 {[%clk 0:01:44]} Qc5 {[%clk 0:00:52]} 24. Rd1
{[%clk 0:01:31]} Qb6 {[%clk 0:00:44]} 25. Rdd2 {[%clk 0:01:31]} Qc5
{[%clk 0:00:45]} 26. Nf3 {[%clk 0:01:30]} Qb6 {[%clk 0:00:36]} 27. Qh4
{[%clk 0:01:25]} Rc3 {[%clk 0:00:22]} 28. Qf4 {[%clk 0:01:16]} Qc7
{[%clk 0:00:19]} 29. Bh3 {[%clk 0:01:12]} Nc5 {[%clk 0:00:12]} 30. Nxd4
{[%clk 0:01:02]} Qb6 {[%clk 0:00:04]} 31. Re3 {[%clk 0:00:59]} Nd7
{[%clk 0:00:04]} 32. Rf3 {[%clk 0:00:59]} 1-0

[Event "Blitz 2018"]
[Site "Saint-Petersburg"]
[Date "2018.12.29"]
[Round "10"]
[Board "19"]
[White "Motylev Alexander (RUS)"]
[Black "Mamedov Rauf (AZE)"]
[Result "0-1"]
[LiveChessVersion "1.4.8"]
[BlackElo "2741"]
[WhiteElo "2609"]

1. e4 {[%clk 0:03:02]} e5 {[%clk 0:03:04]} 2. Nf3 {[%clk 0:03:03]} d6
{[%clk 0:03:05]} 3. d4 {[%clk 0:03:02]} exd4 {[%clk 0:03:06]} 4. Nxd4
{[%clk 0:03:02]} Nf6 {[%clk 0:03:08]} 5. Nc3 g6 6. Bg5 {[%clk 0:03:00]} h6
{[%clk 0:03:08]} 7. Bf4 {[%clk 0:02:47]} Bg7 {[%clk 0:03:05]} 8. f3
{[%clk 0:02:40]} Nc6 {[%clk 0:03:00]} 9. Bb5 {[%clk 0:02:39]} Bd7
{[%clk 0:03:01]} 10. Bxc6 {[%clk 0:02:36]} bxc6 {[%clk 0:03:02]} 11. Qd2
{[%clk 0:02:35]} c5 {[%clk 0:02:54]} 12. Nde2 {[%clk 0:02:35]} Be6
{[%clk 0:02:53]} 13. O-O-O {[%clk 0:02:13]} Nd7 {[%clk 0:02:54]} 14. Nd5
{[%clk 0:02:08]} Rb8 {[%clk 0:02:28]} 15. Nec3 {[%clk 0:02:06]} g5
{[%clk 0:02:26]} 16. Bg3 {[%clk 0:02:01]} O-O {[%clk 0:02:10]} 17. h4
{[%clk 0:01:13]} g4 {[%clk 0:01:49]} 18. b3 {[%clk 0:00:51]} c6 {[%clk 0:01:42]}
19. Nf4 {[%clk 0:00:52]} Qa5 {[%clk 0:01:42]} 20. Nfe2 {[%clk 0:00:51]} Nb6
{[%clk 0:01:24]} 21. Qe3 {[%clk 0:00:40]} d5 {[%clk 0:01:21]} 22. Bxb8
{[%clk 0:00:21]} d4 {[%clk 0:01:22]} 23. Qf4 {[%clk 0:00:17]} dxc3
{[%clk 0:01:23]} 24. Kb1 {[%clk 0:00:18]} Nc4 {[%clk 0:01:04]} 25. Bc7
{[%clk 0:00:12]} Qb4 {[%clk 0:00:55]} 26. Qc1 {[%clk 0:00:12]} Nd2+
{[%clk 0:00:55]} 27. Ka1 {[%clk 0:00:11]} c4 {[%clk 0:00:51]} 28. e5
{[%clk 0:00:12]} cxb3 {[%clk 0:00:52]} 29. cxb3 {[%clk 0:00:13]} Rc8
{[%clk 0:00:18]} 30. Qxc3 {[%clk 0:00:14]} Nxb3+ {[%clk 0:00:19]} 31. axb3 Qa3+
32. Kb1 {[%clk 0:00:14]} Rxc7 {[%clk 0:00:22]} 33. Nd4 {[%clk 0:00:09]} Bxe5
{[%clk 0:00:21]} 34. Qb2 {[%clk 0:00:10]} Qxb2+ {[%clk 0:00:22]} 35. Kxb2 c5 0-1

[Event "Blitz 2018"]
[Site "Saint-Petersburg"]
[Date "2018.12.29"]
[Round "10"]
[Board "20"]
[White "Zubov Alexander (UKR)"]
[Black "Hovhannisyan Robert (ARM)"]
[Result "1-0"]
[LiveChessVersion "1.4.8"]
[BlackElo "2588"]
[WhiteElo "2729"]

1. d4 {[%clk 0:03:03]} d5 {[%clk 0:02:57]} 2. c4 {[%clk 0:03:02]} e6
{[%clk 0:02:58]} 3. Nf3 {[%clk 0:03:01]} Nf6 {[%clk 0:02:55]} 4. e3
{[%clk 0:02:59]} Be7 {[%clk 0:02:44]} 5. b3 {[%clk 0:02:58]} O-O {[%clk 0:02:41]}
6. Bd3 {[%clk 0:02:59]} c5 {[%clk 0:02:36]} 7. O-O {[%clk 0:02:58]} dxc4
{[%clk 0:02:29]} 8. bxc4 {[%clk 0:02:59]} Nc6 {[%clk 0:02:21]} 9. Bb2
{[%clk 0:02:56]} b6 {[%clk 0:02:17]} 10. Nbd2 {[%clk 0:02:49]} Bb7
{[%clk 0:02:16]} 11. Qe2 {[%clk 0:02:44]} Rc8 {[%clk 0:02:10]} 12. Rad1
{[%clk 0:02:34]} Qc7 {[%clk 0:02:03]} 13. a3 {[%clk 0:02:07]} Rfd8
{[%clk 0:01:55]} 14. Nb3 {[%clk 0:02:05]} cxd4 {[%clk 0:01:46]} 15. exd4
{[%clk 0:02:05]} h6 {[%clk 0:01:42]} 16. Rfe1 {[%clk 0:02:00]} Qb8
{[%clk 0:01:38]} 17. Bb1 {[%clk 0:01:43]} Na5 {[%clk 0:01:02]} 18. Nxa5
{[%clk 0:01:37]} Bxf3 {[%clk 0:00:52]} 19. Qxf3 {[%clk 0:01:37]} bxa5
{[%clk 0:00:53]} 20. Qe2 {[%clk 0:01:32]} Rxc4 {[%clk 0:00:45]} 21. Qxc4
{[%clk 0:01:21]} Qxb2 {[%clk 0:00:46]} 22. a4 {[%clk 0:01:14]} Qb4
{[%clk 0:00:46]} 23. Bd3 {[%clk 0:01:00]} Nd5 {[%clk 0:00:40]} 24. Rc1
{[%clk 0:00:56]} Bf6 {[%clk 0:00:37]} 25. Be4 {[%clk 0:00:49]} Qxc4
{[%clk 0:00:33]} 26. Rxc4 {[%clk 0:00:50]} Nb6 {[%clk 0:00:34]} 27. Rc5
{[%clk 0:00:50]} Rxd4 {[%clk 0:00:28]} 28. Rxa5 {[%clk 0:00:47]} Rxa4
{[%clk 0:00:25]} 29. Rc5 {[%clk 0:00:46]} g6 {[%clk 0:00:19]} 30. g3
{[%clk 0:00:38]} Rc4 {[%clk 0:00:15]} 31. Rxc4 {[%clk 0:00:23]} Nxc4
{[%clk 0:00:17]} 32. Rc1 {[%clk 0:00:24]} Nd6 {[%clk 0:00:16]} 33. Bd3
{[%clk 0:00:24]} a5 {[%clk 0:00:12]} 34. Rc5 {[%clk 0:00:24]} a4 {[%clk 0:00:06]}
35. Ra5 {[%clk 0:00:24]} Kg7 {[%clk 0:00:06]} 36. Rxa4 {[%clk 0:00:25]} h5
{[%clk 0:00:06]} 37. Kg2 {[%clk 0:00:25]} Nc8 {[%clk 0:00:07]} 38. Be4
{[%clk 0:00:24]} Ne7 {[%clk 0:00:08]} 39. Ra7 {[%clk 0:00:25]} Nc8
{[%clk 0:00:09]} 40. Rc7 {[%clk 0:00:25]} Ne7 {[%clk 0:00:10]} 41. f4
{[%clk 0:00:25]} Ng8 {[%clk 0:00:10]} 42. Bc6 {[%clk 0:00:24]} Ne7
{[%clk 0:00:11]} 43. Be8 {[%clk 0:00:25]} Kf8 {[%clk 0:00:13]} 44. Bb5
{[%clk 0:00:26]} Kg7 {[%clk 0:00:14]} 45. Kf3 {[%clk 0:00:26]} Nf5
{[%clk 0:00:15]} 46. Bc4 {[%clk 0:00:25]} Kf8 {[%clk 0:00:13]} 47. h3
{[%clk 0:00:24]} Ne7 {[%clk 0:00:14]} 48. Bb5 {[%clk 0:00:20]} Nf5
{[%clk 0:00:14]} 49. Ba4 {[%clk 0:00:17]} Nd4+ {[%clk 0:00:13]} 50. Ke4
{[%clk 0:00:17]} Nf5 {[%clk 0:00:14]} 51. g4 {[%clk 0:00:17]} hxg4
{[%clk 0:00:15]} 52. hxg4 {[%clk 0:00:18]} Nd6+ {[%clk 0:00:14]} 53. Kf3
{[%clk 0:00:19]} g5 {[%clk 0:00:15]} 54. Rd7 {[%clk 0:00:19]} Nc4
{[%clk 0:00:11]} 55. Bb5 {[%clk 0:00:18]} Nb6 {[%clk 0:00:10]} 56. Rb7
{[%clk 0:00:18]} Nd5 {[%clk 0:00:10]} 57. f5 {[%clk 0:00:19]} exf5
{[%clk 0:00:10]} 58. gxf5 {[%clk 0:00:19]} Ne7 {[%clk 0:00:09]} 59. Bc4
{[%clk 0:00:20]} Kg7 {[%clk 0:00:09]} 60. Kg4 {[%clk 0:00:20]} Kf8
{[%clk 0:00:08]} 61. Kh5 {[%clk 0:00:21]} Kg7 {[%clk 0:00:08]} 62. Bb3
{[%clk 0:00:21]} Kf8 {[%clk 0:00:04]} 63. Ra7 {[%clk 0:00:21]} Kg7
{[%clk 0:00:05]} 64. Rd7 {[%clk 0:00:21]} Kf8 {[%clk 0:00:06]} 65. Bc2
{[%clk 0:00:21]} Kg7 {[%clk 0:00:07]} 66. Rd6 {[%clk 0:00:21]} Nc8
{[%clk 0:00:05]} 67. Ra6 {[%clk 0:00:21]} Ne7 {[%clk 0:00:07]} 68. Ra7
{[%clk 0:00:20]} Nc6 {[%clk 0:00:07]} 69. Rc7 {[%clk 0:00:21]} Ne5
{[%clk 0:00:08]} 70. Bb3 {[%clk 0:00:19]} Kg8 {[%clk 0:00:08]} 71. Bxf7+
{[%clk 0:00:16]} Kf8 {[%clk 0:00:04]} 72. Bd5 {[%clk 0:00:16]} g4
{[%clk 0:00:05]} 73. Rc2 {[%clk 0:00:12]} Ke7 {[%clk 0:00:06]} 74. Rd2
{[%clk 0:00:13]} Kf8 {[%clk 0:00:04]} 75. Be4 {[%clk 0:00:13]} Ke7
{[%clk 0:00:05]} 76. Rd1 {[%clk 0:00:14]} Nc4 {[%clk 0:00:05]} 77. Re1
{[%clk 0:00:13]} Bc3 {[%clk 0:00:05]} 78. Re2 {[%clk 0:00:13]} Ne5
{[%clk 0:00:06]} 79. Kg5 {[%clk 0:00:14]} Nf7+ {[%clk 0:00:06]} 80. Kxg4
{[%clk 0:00:15]} Kf6 {[%clk 0:00:07]} 81. Bc2 {[%clk 0:00:15]} Nh6+
{[%clk 0:00:08]} 82. Kf4 {[%clk 0:00:15]} Nf7 {[%clk 0:00:04]} 83. Re6+
{[%clk 0:00:16]} Kg7 {[%clk 0:00:06]} 84. Rg6+ {[%clk 0:00:17]} Kf8
{[%clk 0:00:07]} 85. Bb3 {[%clk 0:00:16]} Bd2+ {[%clk 0:00:08]} 86. Ke4
{[%clk 0:00:15]} Ng5+ {[%clk 0:00:09]} 87. Kd5 {[%clk 0:00:16]} Ke7
{[%clk 0:00:09]} 88. Kd4 {[%clk 0:00:09]} Bc1 {[%clk 0:00:05]} 89. f6+
{[%clk 0:00:10]} Kd7 {[%clk 0:00:06]} 90. Ke5 {[%clk 0:00:06]} Nf3+
{[%clk 0:00:06]} 91. Kd5 {[%clk 0:00:07]} Ba3 {[%clk 0:00:03]} 92. Rg7+
{[%clk 0:00:07]} Ke8 {[%clk 0:00:04]} 93. Ba4+ {[%clk 0:00:07]} Kf8
{[%clk 0:00:05]} 94. Bb3 {[%clk 0:00:07]} Bb2 {[%clk 0:00:05]} 95. Kd6
{[%clk 0:00:06]} Nd2 {[%clk 0:00:04]} 96. Rg8# {[%clk 0:00:07]} 1-0

[Event "Blitz 2018"]
[Site "Saint-Petersburg"]
[Date "2018.12.29"]
[Round "10"]
[Board "21"]
[White "Gelfand Boris (ISR)"]
[Black "Kevlishvili Robby (NED)"]
[Result "1-0"]
[LiveChessVersion "1.4.8"]
[BlackElo "2530"]
[WhiteElo "2722"]

1. Nf3 {[%clk 0:03:02]} d5 {[%clk 0:03:02]} 2. d4 {[%clk 0:03:03]} Nf6
{[%clk 0:03:02]} 3. c4 {[%clk 0:03:04]} c6 {[%clk 0:03:03]} 4. e3
{[%clk 0:03:04]} Bf5 {[%clk 0:03:03]} 5. Nc3 {[%clk 0:03:05]} e6 {[%clk 0:03:04]}
6. Nh4 {[%clk 0:03:06]} Be4 {[%clk 0:03:03]} 7. f3 {[%clk 0:03:06]} Bg6
{[%clk 0:03:04]} 8. Qb3 {[%clk 0:03:07]} Qc7 {[%clk 0:03:02]} 9. Bd2
{[%clk 0:03:08]} Be7 {[%clk 0:03:00]} 10. Rc1 {[%clk 0:03:07]} dxc4
{[%clk 0:02:55]} 11. Bxc4 {[%clk 0:03:06]} O-O {[%clk 0:02:51]} 12. Nxg6
{[%clk 0:03:03]} hxg6 {[%clk 0:02:52]} 13. O-O {[%clk 0:03:02]} Nbd7
{[%clk 0:02:52]} 14. Rfd1 {[%clk 0:02:38]} Rad8 {[%clk 0:02:28]} 15. Be2
{[%clk 0:02:19]} Qb8 {[%clk 0:02:17]} 16. Be1 {[%clk 0:02:08]} Bd6
{[%clk 0:02:14]} 17. f4 {[%clk 0:02:07]} g5 {[%clk 0:02:11]} 18. g3
{[%clk 0:01:59]} g6 {[%clk 0:02:12]} 19. fxg5 {[%clk 0:01:54]} Nh7
{[%clk 0:02:10]} 20. Ne4 {[%clk 0:01:51]} Be7 {[%clk 0:02:09]} 21. Bb4
{[%clk 0:01:48]} Bxb4 {[%clk 0:02:00]} 22. Qxb4 {[%clk 0:01:49]} Nb6
{[%clk 0:02:01]} 23. Rf1 {[%clk 0:01:40]} Rd5 {[%clk 0:01:52]} 24. Nf6+
{[%clk 0:01:30]} Nxf6 {[%clk 0:01:42]} 25. gxf6 {[%clk 0:01:31]} Qd8
{[%clk 0:01:40]} 26. Bd3 {[%clk 0:01:15]} e5 {[%clk 0:01:19]} 27. Be4 Rb5 28. Qc3
{[%clk 0:01:04]} exd4 {[%clk 0:01:06]} 29. exd4 {[%clk 0:01:04]} Nd7
{[%clk 0:01:02]} 30. a4 {[%clk 0:00:51]} Rh5 {[%clk 0:00:49]} 31. Qf3
{[%clk 0:00:49]} Nb6 {[%clk 0:00:45]} 32. Rcd1 {[%clk 0:00:45]} Qd6
{[%clk 0:00:32]} 33. a5 Nd7 34. a6 {[%clk 0:00:38]} bxa6 {[%clk 0:00:33]} 35. Qf4
{[%clk 0:00:32]} Qxf4 {[%clk 0:00:24]} 36. Rxf4 {[%clk 0:00:33]} c5
{[%clk 0:00:16]} 37. Bc6 {[%clk 0:00:31]} Nb6 {[%clk 0:00:13]} 38. d5
{[%clk 0:00:30]} Rd8 {[%clk 0:00:13]} 39. d6 {[%clk 0:00:30]} Re5
{[%clk 0:00:12]} 40. Re4 {[%clk 0:00:23]} Rxe4 {[%clk 0:00:11]} 41. Bxe4
{[%clk 0:00:24]} Nc4 {[%clk 0:00:13]} 42. d7 {[%clk 0:00:24]} Ne5
{[%clk 0:00:14]} 43. Rd5 {[%clk 0:00:23]} Nxd7 44. Bc2 Re8 {[%clk 0:00:04]} 45.
Rxd7 {[%clk 0:00:25]} Re2 {[%clk 0:00:05]} 46. Bb3 {[%clk 0:00:23]} Rxb2
{[%clk 0:00:05]} 47. Bxf7+ {[%clk 0:00:24]} 1-0

[Event "Blitz 2018"]
[Site "Saint-Petersburg"]
[Date "2018.12.29"]
[Round "10"]
[Board "22"]
[White "Tari Aryan (NOR)"]
[Black "Guseinov Gadir (AZE)"]
[Result "0-1"]
[LiveChessVersion "1.4.8"]
[BlackElo "2708"]
[WhiteElo "2608"]

1. e4 {[%clk 0:03:02]} c5 {[%clk 0:03:03]} 2. Nf3 g6 3. c4 {[%clk 0:03:04]} Nc6
{[%clk 0:03:04]} 4. d4 {[%clk 0:03:04]} cxd4 {[%clk 0:03:04]} 5. Nxd4
{[%clk 0:03:04]} Nf6 {[%clk 0:03:06]} 6. Nc3 {[%clk 0:03:05]} d6 {[%clk 0:03:01]}
7. Be2 {[%clk 0:03:06]} Nxd4 {[%clk 0:03:02]} 8. Qxd4 {[%clk 0:03:06]} Bg7
{[%clk 0:03:02]} 9. Be3 {[%clk 0:03:07]} O-O {[%clk 0:02:59]} 10. Qd2
{[%clk 0:03:08]} a5 {[%clk 0:02:59]} 11. f3 {[%clk 0:02:54]} a4 {[%clk 0:03:00]}
12. Rc1 {[%clk 0:02:53]} Be6 {[%clk 0:03:01]} 13. Rc2 {[%clk 0:02:41]} Nd7
{[%clk 0:02:34]} 14. O-O {[%clk 0:02:41]} Qa5 {[%clk 0:02:32]} 15. Nd5
{[%clk 0:02:19]} Rfe8 {[%clk 0:02:32]} 16. Rfc1 {[%clk 0:01:56]} Kf8
{[%clk 0:02:18]} 17. Qxa5 {[%clk 0:01:35]} Rxa5 {[%clk 0:02:18]} 18. Nc7
{[%clk 0:01:36]} Rc8 {[%clk 0:02:18]} 19. Nxe6+ {[%clk 0:01:37]} fxe6
{[%clk 0:02:19]} 20. Kf2 {[%clk 0:01:33]} Nc5 {[%clk 0:02:16]} 21. h4
{[%clk 0:01:21]} Ra6 {[%clk 0:02:14]} 22. Ke1 {[%clk 0:01:11]} Kf7
{[%clk 0:02:09]} 23. Kd2 {[%clk 0:01:10]} a3 {[%clk 0:02:00]} 24. bxa3
{[%clk 0:00:46]} Rxa3 {[%clk 0:02:01]} 25. Rb1 {[%clk 0:00:48]} Rc7
{[%clk 0:01:42]} 26. Rb5 {[%clk 0:00:48]} Be5 {[%clk 0:01:23]} 27. g4
{[%clk 0:00:45]} Bg3 {[%clk 0:01:20]} 28. h5 {[%clk 0:00:42]} gxh5
{[%clk 0:01:21]} 29. gxh5 {[%clk 0:00:44]} Be1+ {[%clk 0:01:17]} 30. Kxe1
{[%clk 0:00:45]} Rxe3 {[%clk 0:01:18]} 31. Kf2 {[%clk 0:00:46]} Ra3
{[%clk 0:01:19]} 32. Rb1 {[%clk 0:00:42]} e5 {[%clk 0:01:15]} 33. Bf1
{[%clk 0:00:28]} Rc8 {[%clk 0:01:13]} 34. Be2 {[%clk 0:00:19]} Rca8
{[%clk 0:01:14]} 35. Rbb2 {[%clk 0:00:21]} h6 {[%clk 0:01:12]} 36. Bf1
{[%clk 0:00:22]} Kf6 {[%clk 0:01:10]} 37. Rd2 {[%clk 0:00:19]} Rc3
{[%clk 0:01:08]} 38. Rdc2 {[%clk 0:00:14]} Rca3 39. Rd2 Kg5 {[%clk 0:01:10]} 40.
Kg2 {[%clk 0:00:15]} Kxh5 {[%clk 0:01:07]} 41. Be2 {[%clk 0:00:14]} Kg5
{[%clk 0:01:08]} 42. Bd1 {[%clk 0:00:14]} Kf4 {[%clk 0:01:05]} 43. Kf1
{[%clk 0:00:13]} Rd3 {[%clk 0:00:43]} 44. Rxd3 {[%clk 0:00:10]} Nxd3
{[%clk 0:00:44]} 45. Rh2 {[%clk 0:00:10]} Ke3 {[%clk 0:00:41]} 46. Rg2
{[%clk 0:00:05]} Ra3 {[%clk 0:00:33]} 47. Bb3 {[%clk 0:00:06]} Nc1
{[%clk 0:00:30]} 48. Rb2 {[%clk 0:00:04]} Nxb3 {[%clk 0:00:29]} 49. axb3
{[%clk 0:00:05]} Kxf3 {[%clk 0:00:29]} 0-1